Idea y cuestión nacional latinoamericanas: de la independencia a la emergencia del imperialismo
সংরক্ষণ করুন:
| প্রধান লেখক: | |
|---|---|
| বিন্যাস: | পাঠ্য |
| প্রকাশিত: |
México D.F.:
Siglo XXI
|
| ট্যাগগুলো: |
ট্যাগ যুক্ত করুন
কোনো ট্যাগ নেই, প্রথমজন হিসাবে ট্যাগ করুন!
|
MARC
| LEADER | 00000 a a2200000 04500 | ||
|---|---|---|---|
| 001 | 24235 | ||
| 003 | |||
| 040 | |||
| 020 | |a 968-23-1007-5 | ||
| 090 | |a 166000 | ||
| 100 | |a Soler, Ricaurte | ||
| 245 | |a Idea y cuestión nacional latinoamericanas: de la independencia a la emergencia del imperialismo | ||
| 260 | |a México D.F.: |b Siglo XXI | ||
| 300 | |a 294 p | ||
| 999 | |c 11714 |d 11714 | ||



